Регионална библиотека "Любен Каравелов" - Русе

УСТРЕМ (Запис номер 292724)

MARC детайли
000 -Лидер
Контролно поле с фиксирана дължина 01559nas a2200349 c 4500
003 - Код на организацията, давaща контролен номер
Контролно поле BLK
005 - Дата и час на последна редакция
Контролно поле 20180421003046.0
008 - Елементи от данни с фиксирана дължина
fixed length control field 180413b bul raner|||| |0| c1bulo|
010 ## - Наследен системен номер
LC control number PRD00006711000
040 ## - Източник на каталожния запис
Идентификатор на билиотеката - собственик на записа BLK
041 ## - Код за език
Код за езика на текст/звукозапис или на отделно заглавие Български
Код за езика КДБФ Български
080 ## - УДК
Текстов определител УДК Военна чест. Дисциплина. Воински дух и воински морал. Награди
УДК код - определител по УДК 355.13
УДК определител (497.2)(055)
УДК - код + определител 355.13(497.2)(055)
080 ## - УДК
Текстов определител УДК Военна история - Военни походи, битки, героични подвизи. Вж и 93/99
УДК код - определител по УДК 355.48
УДК определител (497.2)
УДК - код + определител 355.48(497.2)
110 1# - Редна дума - колетивен орган
Редна дума - наименование на организация или юридическо лице Ред. кол.: /В.Сеизов/
9 (RLIN) 359004
245 10 - Сведения за заглавието
Заглавие УСТРЕМ
Подзаглавни данни Вестник за бойците от бълг. окупационни части
Редно поле (дума) Ред. кол.: /В.Сеизов/
Дата на създаване на произведението Начална год. на издаване: Год 1,№ 1(1943),
257 ## - Страна на издаване
Страна на създаване/издаване България
260 ## - Област на издателските данни
-- Белград
Име на издателя, разпространителя и проч. Ред. к-т
Година на издаване 1944
300 ## - Физическа характеристика
Размери/Мащаб 60
310 ## - Текуща периодчност на изданието
-- периодичност: 0
Срок за съхранение срок за съхранение: 99
380 ## - Жанр
Жанр Обществени науки
500 ## - Общи забележки
Забележка забележка:Подв.н към в. Обнова.
650 #4 - Допълнително описание по предмет – тема
Основно описание – тема или топоним Военна история - България
9 (RLIN) 263643
650 #4 - Допълнително описание по предмет – тема
Основно описание – тема или топоним Психология, военна - България
9 (RLIN) 359005
653 ## - Ключова дума – ненормативна
Ключова дума Втора световна война
653 ## - Ключова дума – ненормативна
Ключова дума българска армия
653 ## - Ключова дума – ненормативна
Ключова дума вестници
852 ## - Местоположение
Форматна сигнатура В 418
856 ## - Електронен адрес и достъп
Електронен формат pdf - файл
Път до файла /url/
856 ## - Електронен адрес и достъп
Електронен формат pdf - файл
Път до файла /url/
942 ## - АРТИКУЛИ
Вид на библиотечния материал Вестници
Скрит в OPAC Не
Периодичен библиозапис Да
944 ## - СЪЗДАВАНЕ И РЕДАКЦИЯ на ЗАПИСА
Създаване/Редакция Създаване
Дата на регистрацията/редакция Ваня_Йорданова
Служител, извършил регистрацията/редакцията 15.01.2003
944 ## - СЪЗДАВАНЕ И РЕДАКЦИЯ на ЗАПИСА
Създаване/Редакция Редакция
Дата на регистрацията/редакция Ваня_Йорданова
Служител, извършил регистрацията/редакцията 05.07.2017
999 ## - СИСТЕМНИ КОНТРОЛНИ НОМЕРА
Koha biblionumber 292724
Koha biblioitemnumber 292724
Наличности
Код за отписване Код за изгубен артикул Код за повреда Коз за рестрикции Код за отдаване Артикулен № Име на библиотеката - собственик Име на библиотеката, в която се намира в момента Статус (Текущо местоположение) Дата на вписване в системата Местоположение - отдел Цена в лева Номерация (Хронология) Инвентарен номер Систематично азбучна сигнатура Баркод Номер на екземпляра Цена в евро Служебна бележка Служебен тип на артикула Бележка за публиката
  Не е изгубен Не е повреден без рестрикции ползва се в читалня 586245 Регионална библиотека "Любен Каравелов" Русе Регионална библиотека "Любен Каравелов" Русе Хранилище 2014-11-21 Хранилище 1.20 Обхват на том: 64-65 130000724043 В 418 130000724043 1 0.61 Дост: Dp, Вид: А, N: 13, Дата: 21.11.2014, Годиш. инв.: 2, Дата инв: 26.11.2014, Бележки инв: Цб2014 Вестници Год. на изд.: 1944
Vip Innovations Ltd, Rousse, Bulgaria 2025